Contratacin̤ Estatal y Registro Único de Proponentes

Bibliographic Details
Main Author: Chavarro Cadena, Jorge Enrique
Format: eBook
Published: Bogot:̀ Editorial Nueva Legislacin̤, 2016.
Subjects:
Online Access:Acceso restringido

MARC

LEADER 00000nam a22000007a 4500
005 20161102161321.0
007 cr|||| ||u|
008 161102t2016 Ck |||||o|||| 001 0 Spa d
020 |a 978-958-58770-7-8 
035 |a 14453 
040 |a vLex 
090 |c 6335  |d 6335 
100 1 |a Chavarro Cadena, Jorge Enrique 
245 1 |a Contratacin̤ Estatal y Registro Único de Proponentes  |h [Recurso electrn̤ico] /  |c Jorge Enrique Chavarro Cadena. 
256 |a Servicio en ln̕ea 
260 |a Bogot:̀  |b Editorial Nueva Legislacin̤,  |c 2016. 
300 |a 1 Recurso electrn̤ico 
506 1 |a Disponible en los recursos indicados  |d vLex Global  |d vLex Global (Academic Edition, excluding Law Schools)  |d vLex Global (U.S. Academic Edition, Law Schools)  |d vLex Global (U.S. Academic Edition, excluding Law Schools)  |d vLex Global (Academic Edition, Law Schools) 
650 0 4 |a Derecho administrativo  |z Colombia 
740 0 |a vLex libros (servicio en ln̕ea) 
856 4 0 |u http://vlex.com/source/contratacion-estatal-registro-unico-proponentes-14453  |z Acceso restringido 
942 |c BOOK 
999 0 |a Administrative law